000 00286nam a2200109Ia 4500
008 171211s9999 xx 000 0 und d
245 3 _aAn Introduction to Acrylics
245 _cRay Smith
260 _c1998
650 _xDesign
856 _uhttp://down.ebook777.com/062/0789432870.pdf
999 _c347895
_d347895